000 00367nam a2200133Ia 4500
005 20260328101522.0
008 260328s9999||||xx |||||||||||||| ||und||
100 _aMadero, Anadelia
245 0 _aArchitectural competition :
_b Expo 2010 Shangai - Mexico's Pavilion /
_cAnadelia Madero
260 _bProMéxico
300 _a308 p.
650 _aPABELLONES
942 _cBK
999 _c9654
_d9654